Statistics for Every Fortnite Named POI Ever

Click here to take the quiz!

General Stats

  • This quiz has been taken 322 times
  • The average score is 35 of 106

Answer Stats

HintAnswer% Correct
Season 2Tilted Towers
93%
Season 0Pleasant Park
78%
Season 1Salty Springs
77%
Season 0Retail Row
74%
Season 0Loot Lake
73%
Season 2Haunted Hills
71%
Season 0Wailing Woods
70%
Season 0Greasy Grove
69%
Season 1Dusty Depot
68%
Season 4Dusty Divot
66%
Season 2Junk Junction
65%
Season 0Moisty Mire
65%
Season 5Paradise Palms
65%
Season 0Anarchy Acres
64%
Season 0Fatal Fields
64%
Season 0Flush Factory
64%
Season 3Lucky Landing
64%
Season 4Risky Reels
63%
Season 1Tomato Town
62%
Season 2Snobby Shores
61%
Season 0Lonely Lodge
59%
Season 2Shifty Shafts
59%
C2 Season 2The Agency
58%
Season 5Lazy Links
57%
Season 9Neo Tilted
53%
Season 7Polar Peak
51%
Season 5Tomato Temple
50%
Season 7Frosty Flights
49%
Season 8Lazy Lagoon
48%
Season 7The Block
48%
C2 Season 2The Grotto
44%
Season 7Happy Hamlet
43%
Season 9Mega Mall
43%
C2 Season 1Weeping Woods
42%
C2 Season 1Lazy Lake
41%
C2 Season 2The Shark
41%
Season XGotham City
39%
C3 Season 1The Daily Bugle
38%
C2 Season 2The Yacht
37%
Season XTilted Town
37%
C2 Season 1Misty Meadows
36%
C2 Season 1Sweaty Sands
36%
C2 Season 2The Rig
36%
C2 Season 1Steamy Stacks
35%
Season 8Sunny Steps
35%
C2 Season 1Holly Hedges
34%
C2 Season 1Frenzy Farm
33%
C2 Season 1Dirty Docks
32%
C2 Season 4Stark Industries
32%
C2 Season 3Catty Corner
30%
C2 Season 1Craggy Cliffs
30%
Season 9Pressure Plant
30%
C2 Season 3Coral Castle
29%
C4 Season 1Frenzy Fields
29%
C2 Season 3The Authority
29%
C2 Season 3The Fortilla
29%
C4 Season 1The Citadel
28%
Season XMoisty Palms
24%
Season XStarry Suburbs
23%
C4 Season 1Anvil Square
22%
C3 Season 1Rocky Reels
22%
C2 Season 5Salty Towers
22%
C4 Season 1Brutal Bastion
20%
C3 Season 1Coney Crossroads
20%
C2 Season 4Doom's Domain
20%
C2 Season 1Slurpy Swamps
20%
C2 Season 3Rickety Rig
19%
C2 Season 6The Spire
19%
C4 Season 1Breakwater Bay
18%
C3 Season 1Chonker's Speedway
18%
C3 Season 1Sanctuary
18%
C3 Season 1The Joneses
18%
C2 Season 7Believer Beach
17%
C2 Season 6Boney Burbs
17%
C3 Season 1Logjam Lumberyard
17%
C3 Season 3Rave Cave
17%
C4 Season 1Slappy Shores
17%
C3 Season 1Sleepy Sound
17%
C3 Season 1Camp Cuddle
16%
C2 Season 5Hunter's Haven
15%
C4 Season 1Lonely Labs
15%
C4 Season 1Shattered Slabs
15%
C3 Season 1Condo Canyon
14%
C2 Season 5Stealthy Stronghold
12%
C2 Season 5Colossal Coliseum
11%
C4 Season 1Faulty Splits
11%
C2 Season 8The Pyramid
11%
C3 Season 2Synapse Station
10%
C3 Season 1Covert Cavern
9%
C2 Season 6Colossal Crops
8%
C3 Season 3Fort Jonesy
8%
C2 Season 7Sludgy Swamp
8%
C3 Season 3Cloudy Condos
7%
C3 Season 2Command Cavern
7%
C3 Season 3Herald's Sanctum
7%
C2 Season 7Holly Hatchery
7%
C3 Season 3Lustrous Lagoon
7%
C3 Season 3Reality Falls
7%
C2 Season 8The Convergence
7%
C2 Season 7Corny Complex
6%
C2 Season 8Corny Crops
6%
C3 Season 3Shimmering Shrine
6%
C3 Season 2The Fortress
6%
C3 Season 3Logjam Lotus
5%
C3 Season 3Shuffled Shrines
3%
C3 Season 2The Collider
3%

Score Distribution

Percentile by Number Answered

Percent of People with Each Score

Your Score History

You have not taken this quiz